'Til Death or Distance Do Us Part:Love and Marriage in African America : (Record no. 610548)

MARC details
000 -LEADER
fixed length control field 00541nam a2200181 a 4500
008 - FIXED-LENGTH DATA ELEMENTS--GENERAL INFORMATION
fixed length control field 260205s2010##################000#0#eng##
020 ## - INTERNATIONAL STANDARD BOOK NUMBER
ISBN 9780195328523
082 04 - DEWEY DECIMAL CLASSIFICATION NUMBER
Classification number 305.8960
Item number FOS
100 1# - MAIN ENTRY--AUTHOR NAME
Personal name Foster, Frances Smith,
245 10 - TITLE STATEMENT
Title 'Til Death or Distance Do Us Part:Love and Marriage in African America :
260 ## - PUBLICATION, DISTRIBUTION, ETC. (IMPRINT)
Name of publisher Oxford University Press, USA,
Year of publication 2010.
650 #0 - SUBJECT ADDED ENTRY--TOPICAL TERM
Topical Term Social Science.
942 ## - ADDED ENTRY ELEMENTS (KOHA)
Koha item type English Books
Holdings
Withdrawn status Lost status Damaged status Not for loan Home library Current library Shelving location Date acquired Full call number Accession Number Price effective from Koha item type
        Anna Centenary Library Anna Centenary Library 3RD FLOOR, B WING 05.02.2026 305.8960 FOS 140219 05.02.2026 English Books

Find us on the map